| 000 | 00498nam a22001577a 4500 | ||
|---|---|---|---|
| 999 |
_c533972 _d533972 |
||
| 020 | _qHard Cover. | ||
| 082 | _a660.01 | ||
| 100 | _aQayyum, Humdah | ||
| 245 |
_aProtein profiling of Colletotrichum falcatum / _cHumdah Qayyum. |
||
| 260 |
_aIslamabad : _bASAB - NUST, _c2017. |
||
| 300 |
_avi, 68 p. : ill. ; _c30cm. |
||
| 942 |
_2ddc _cTHE |
||
| 650 |
_aPlant Biotechnology MS-Thesis. _928032 |
||
| 700 |
_aDr. Muhammad Qasim Hayat. _928051 |
||